00719 2200217 4500001002100000005001700021008004100038035002400079040001200103082001100115090002000126100002600146245010400172260010100276300003700377500001600414504002600430650001400456850001200470990001900482YOGYA-1212000000048620121226101228.0 ind  0010-121200000000484 aYOPDYOG a551.48 aSk 551.48 Set H aSETYAWAN PURNAMA,Jg.L aHidrologi mata air di pegunungan Baturagung Daerah Istimewa yogyakarta/coleh Jg.L.Setyawan Purnama aYogyakartabDepartemen Pendidikan dan Kebudayaan Universitas Gadjah Mada Fakultas Geografic1990 axi,99,(36) lbr:ilusblampc29 cm aSkripsi UGM aBibliografi: (lbr.99) aHidrologi aYOPDYOG a42.369-PD/A.12